Konkurz a vyrovnanie

Bibliographic Details
Main Author: -pý- (Author)
Format: Article
Language:Slovak
ISSN:1210-177X
Subjects:

MARC

LEADER 00000nab a2200000 a 4500
001 vtls000589041
003 SK-MaSNL
005 20260303011250.0
008 120930c1996 xo 0 slo
015 |a SNBRB19rr/mm-uuuuu 
035 |a CL0589180 
040 |a SNKBUCL  |b slo  |c SNKBUCL  |e AACR2 
041 0 |a slo 
044 |a xo  |c SK 
080 |a 658.167:347.736:340.132  |2 1981 
080 |a 347.736  |2 1981 
080 |a 340.132  |2 1981 
100 1 |a -pý-  |4 aut  |9 989663 
245 1 0 |a Konkurz a vyrovnanie  |c -pý- 
650 0 7 |a podniky  |2 snkbucl  |9 923 
650 0 7 |a bankrot podniku  |2 snkbucl  |9 108772 
655 7 |a články z novín a časopisov  |2 snkbucl  |9 267496 
773 0 |t Odborárske spektrum  |g Roč. 7, č. 19 (1996)  |x 1210-177X 
773 0 |t [Príl.] Paragrafy pod lupou  |g S. 1-4  |x 1210-177X 
850 |a Slovenská národná knižnica v Martine  |a MTA001 
852 |a SNK  |b KIS3GCP 
958 |a RK 
992 |a RBX 
999 |c 1591293  |d 1593223